| 000 | 00531nam a2200181Ia 4500 | ||
|---|---|---|---|
| 001 | 1500 | ||
| 005 | 20260306143733.0 | ||
| 008 | 260306t1973||||xx |||||||||||||| ||spa|| | ||
| 041 | _aESP | ||
| 082 |
_a150.287 _bM61 |
||
| 110 | _aMinisterio de Educación. Dirección General de Educación Inicial y Básica Regular. Dirección de Educación Inicial | ||
| 245 | 0 | _aBatería de tests para educación inicial | |
| 260 | _c1973 | ||
| 300 |
_a125 páginas : _c29 cm. |
||
| 650 | _aGEN | ||
| 654 | _aCPS | ||
| 942 |
_cLIB _dJUS _fJUS _2ddc _n |
||
| 999 |
_c1500 _d1500 |
||